[Event "10th Chennai Open 2018"]
[Site "Chennai IND"]
[Date "2018.01.25"]
[Round "10.14"]
[White "Tran, Tuan Minh"]
[Black "Mithil, Ajgaonkar"]
[Result "1-0"]
[WhiteTitle "GM"]
[WhiteElo "2548"]
[BlackElo "2219"]
[WhiteFideId "12401820"]
[BlackFideId "5017343"]
[EventDate "2018.01.18"]

1. c4 c6 2. d4 d5 3. Nf3 Nf6 4. e3 Bf5 5. Nc3 e6 6. Nh4 Bg6 7. Be2 Nbd7 8. O-O
Bd6 9. g3 O-O 10. Nxg6 hxg6 11. Qb3 Qc8 12. Rd1 dxc4 13. Qxc4 e5 14. Kg2 Nb6 15.
Qd3 Re8 16. dxe5 Bxe5 17. Bd2 Qe6 18. Be1 Bxc3 19. Qxc3 Ne4 20. Qc2 Nd5 21. Rd4
Nd6 22. Qb3 Nf5 23. Rd3 g5 24. Bd2 Nd6 25. Rd4 Nf6 26. Qxe6 Rxe6 27. Rd1 Nfe4
28. Bb4 Nf5 29. Rd8+ Re8 30. R8d7 a5 31. Be1 Nc5 32. R7d2 Ne4 33. Rc2 Nf6 34.
Rc5 Nd5 35. Bf3 Nfxe3+ 36. fxe3 Nxe3+ 37. Kf2 Nxd1+ 38. Bxd1 a4 39. Rxg5 Re6 40.
Bc3 f6 41. Rg4 b5 42. Rd4 Rae8 43. Bh5 Rb8 44. Rd7 Kh7 45. Bg4 Ree8 46. Bxf6 Rf8
47. Bf5+ Kh6 48. Bxg7+ Kg5 49. Bxf8 Rxf8 50. g4 Kf4 51. h4 c5 52. Re7 1-0

[Event "10th Chennai Open 2018"]
[Site "Chennai IND"]
[Date "2018.01.25"]
[Round "10.15"]
[White "Tiwari, Arjun"]
[Black "Czebe, Attila"]
[Result "1/2-1/2"]
[BlackTitle "GM"]
[WhiteElo "2179"]
[BlackElo "2458"]
[WhiteFideId "5011337"]
[BlackFideId "705268"]
[EventDate "2018.01.18"]

1. e4 g6 2. Nc3 Bg7 3. f4 a6 4. Nf3 b5 5. d3 Bb7 6. g3 Nf6 7. Bg2 O-O 8. O-O c5
9. h3 d5 10. e5 Ne8 11. d4 cxd4 12. Nxd4 Nc7 13. Be3 Nd7 14. Nb3 Rc8 15. Nxd5
Bxd5 16. Bxd5 Nxe5 17. Bb7 Nc4 18. Ba7 Qxd1 19. Raxd1 Rcd8 20. Bc5 Nxb2 21. Rde1
Rb8 22. Bg2 Ne6 23. Bxe7 Rfe8 24. Bb4 Nd4 25. Nxd4 Bxd4+ 26. Kh2 Nc4 27. Rxe8+
Rxe8 28. Re1 Rxe1 29. Bxe1 Ne3 30. Bb7 Nxc2 31. Ba5 Bc5 32. Bxa6 b4 33. Kg2 Nd4
34. Bc7 f6 35. Bc4+ Kf8 36. Bd8 Kg7 37. g4 h6 38. g5 fxg5 39. fxg5 hxg5 40. Bxg5
Nc6 41. Bd5 Ne5 42. Kf1 Nf7 43. Bh4 g5 44. Bg3 Kf6 45. Ke2 Ne5 46. Kd2 Ng6 47.
Bb7 Nf4 48. h4 Bd6 49. hxg5+ Kxg5 50. Kc2 Kf6 51. Kb3 Ke7 52. Be4 Kd7 53. Bxf4
Bxf4 54. Kxb4 Kc7 1/2-1/2

[Event "10th Chennai Open 2018"]
[Site "Chennai IND"]
[Date "2018.01.25"]
[Round "10.16"]
[White "Phoobalan, P."]
[Black "Arjun, Kalyan"]
[Result "1/2-1/2"]
[WhiteElo "2158"]
[BlackElo "2407"]
[WhiteFideId "5011191"]
[BlackFideId "35018701"]
[EventDate "2018.01.18"]

1. d4 d5 2. Nf3 Nf6 3. e3 c6 4. c4 Bf5 5. Nc3 e6 6. Nh4 Be4 7. f3 Bg6 8. Qb3 Qc7
9. Bd2 Be7 10. O-O-O dxc4 11. Qxc4 a6 12. Nxg6 b5 13. Qd3 hxg6 14. e4 Nbd7 15.
e5 Nd5 16. Nxd5 cxd5+ 17. Kb1 Nb6 18. Ba5 Qb7 19. Bxb6 Qxb6 20. Be2 Rc8 21. f4
Kd7 22. g4 Rc6 23. f5 g5 24. h3 Rhc8 25. Rhf1 Qc7 26. fxe6+ fxe6 27. Qb3 b4 28.
Bd3 Kd8 29. Qa4 Qb6 30. Bg6 Qc7 31. Bd3 Qb6 32. Bg6 Qc7 1/2-1/2

[Event "10th Chennai Open 2018"]
[Site "Chennai IND"]
[Date "2018.01.25"]
[Round "10.17"]
[White "Ramnathan, Balasubramaniam"]
[Black "Ameir, Moheb"]
[Result "1-0"]
[WhiteTitle "IM"]
[BlackTitle "IM"]
[WhiteElo "2157"]
[BlackElo "2394"]
[WhiteFideId "5001277"]
[BlackFideId "10600620"]
[EventDate "2018.01.18"]

1. Nf3 c5 2. b3 Nc6 3. Bb2 d6 4. d4 cxd4 5. Nxd4 Nf6 6. e3 g6 7. Be2 Bg7 8. O-O
O-O 9. c4 Re8 10. Nc3 a6 11. Qd2 Bd7 12. Rfd1 Nxd4 13. Qxd4 Bc6 14. Qd2 Rc8 15.
Rac1 Qa5 16. Nd5 Qxd2 17. Nxf6+ Bxf6 18. Rxd2 Kg7 19. f3 Bxb2 20. Rxb2 Rc7 21.
Kf2 Rec8 22. Rbc2 Bd7 23. Bd3 b6 24. Ke2 a5 25. a3 Kf6 26. Be4 Be6 27. Kd3 Rb8
28. Bd5 Bf5+ 29. Be4 Be6 30. Rc3 Rc5 31. Rb1 Rh5 32. h3 b5 33. Kd2 bxc4 34. bxc4
Rc8 35. Bd3 Rhc5 36. Rb5 Bd7 37. Rxc5 Rxc5 38. Rb3 h5 39. h4 Bc6 40. Rb8 g5 41.
hxg5+ Rxg5 42. Bf1 Ke6 43. Rh8 Kf6 44. Kc3 Kg7 45. Rc8 Ba4 46. Kd4 Kf6 47. c5
Bd7 48. Rc7 Be6 49. e4 d5 50. c6 dxe4 51. fxe4 h4 52. Ra7 Rg8 53. c7 h3 54. gxh3
Bd7 55. e5+ Kf5 56. Rxa5 Rg1 57. Be2 Kf4 58. Bg4 e6 59. Be2 Re1 60. Bb5 Rd1+ 61.
Kc5 Rc1+ 62. Kb6 Rb1 63. Ka7 Rc1 64. Kb8 1-0

[Event "10th Chennai Open 2018"]
[Site "Chennai IND"]
[Date "2018.01.25"]
[Round "10.18"]
[White "Kushagra, Mohan"]
[Black "Kandil, Adham"]
[Result "1/2-1/2"]
[WhiteTitle "CM"]
[BlackTitle "IM"]
[WhiteElo "2150"]
[BlackElo "2294"]
[WhiteFideId "25033638"]
[BlackFideId "10618490"]
[EventDate "2018.01.18"]

1. e4 c5 2. Nf3 d6 3. d4 cxd4 4. Nxd4 Nf6 5. Nc3 a6 6. Be2 e5 7. Nb3 Be6 8. O-O
Be7 9. Qd3 O-O 10. Nd5 Bxd5 11. exd5 Nbd7 12. c4 a5 13. Be3 a4 14. Nd2 Qa5 15.
Nb1 Nc5 16. Qc2 b5 17. Bxc5 dxc5 18. Na3 b4 19. Nb5 Qb6 20. Rad1 Ne8 21. Qf5 Nd6
22. Qxe5 Nxb5 23. Qxe7 Rfe8 24. Qd7 Rxe2 25. cxb5 Qd8 26. Qb7 Rb8 27. Qc6 Ra8
28. Qb6 Re7 29. Qc6 Rc8 30. Qa6 Ra8 31. Qc6 Rc7 32. Qb6 1/2-1/2

[Event "10th Chennai Open 2018"]
[Site "Chennai IND"]
[Date "2018.01.25"]
[Round "10.19"]
[White "Hegde, Ravi Gopal"]
[Black "Muthaiah, AL"]
[Result "1/2-1/2"]
[WhiteTitle "IM"]
[WhiteElo "2105"]
[BlackElo "2291"]
[WhiteFideId "5000254"]
[BlackFideId "5092442"]
[EventDate "2018.01.18"]

1. Nf3 d5 2. d4 Nf6 3. c4 e6 4. g3 Bb4+ 5. Bd2 Be7 6. Bg2 O-O 7. O-O Ne4 8. Nc3
c6 9. Qc2 f5 10. Rad1 Nd7 11. b3 a5 12. Be1 Qb6 13. e3 Bf6 14. Na4 Qa7 15. Nb2
b5 16. Nd3 bxc4 17. bxc4 Ba6 18. c5 Bc4 19. Nd2 Nxd2 20. Bxd2 e5 21. dxe5 Nxe5
22. Nxe5 Bxe5 23. Rfe1 Rab8 24. Rb1 g6 25. Bf1 Bxf1 26. Rxf1 a4 27. Rb6 Rxb6 28.
cxb6 Qxb6 29. Qxa4 c5 30. Ba5 Qe6 31. Qb5 Rc8 32. Rd1 d4 33. exd4 Bxd4 34. a4 f4
35. Re1 Qf7 36. Qe2 fxg3 37. hxg3 Ra8 38. Bd2 Rxa4 39. Be3 Ra2 40. Qd3 Bxe3 41.
Qxe3 c4 42. Qd4 Ra8 43. Qc5 Ra7 44. Rb1 Ra8 45. Re1 Ra7 46. Rb1 Ra8 47. Re1 Ra7
48. Rb1 1/2-1/2

[Event "10th Chennai Open 2018"]
[Site "Chennai IND"]
[Date "2018.01.25"]
[Round "10.20"]
[White "Gajwa, Ankit"]
[Black "Dahale, Atul"]
[Result "1/2-1/2"]
[WhiteTitle "FM"]
[WhiteElo "2284"]
[BlackElo "2102"]
[WhiteFideId "5077834"]
[BlackFideId "5037794"]
[EventDate "2018.01.18"]

1. e4 e5 2. Nf3 Nc6 3. Bb5 a6 4. Ba4 Nf6 5. O-O b5 6. Bb3 Be7 7. Re1 d6 8. c3
O-O 9. h3 Na5 10. Bc2 c5 11. d4 Nd7 12. d5 Nb6 13. Nbd2 g6 14. b4 Nb7 15. bxc5
Nxc5 16. Ba3 Qc7 17. Rc1 f5 18. exf5 Bxf5 19. c4 Nbd7 20. Nb3 Rae8 21. cxb5 axb5
22. Nxc5 dxc5 23. Bb3 Bd6 24. Bb2 c4 25. g4 Qb8 26. gxf5 cxb3 27. fxg6 hxg6 28.
Ng5 Rf5 29. Ne4 Nf6 30. Ng3 Rf4 31. Qxb3 Qa7 32. Rc2 Qd7 1/2-1/2